000 00814nas a2200277 4500
001 BR0003206
003 BR-BrBNA
005 20231205101926.0
007 ta
008 230509b bl.|||p| |||| 00| 00por d
040 _aBR-BrBNA
_bpor
_cBiblioteca Nacional de Agricultura
041 _a(Pt)
072 _aH10
100 1 _aGrutzmacher, A.D.
100 1 _aLink, D.
245 1 _aLevantamento da entomofauna associada a cultivares de batata em duas epocas de cultivo
650 _aBatata
650 _aVariedade
650 _aPraga de Planta
650 _aCrescimento
650 _aSafrinha
650 _aInseto
773 0 _tPesquisa Agropecuaria Brasileira (Brazil)
_xISSN 0100-204X
_g(Mar 2000), v. 35(3) p. 653-659
_wBR0003206
909 _a202311
_bLúcia
_c55
_dLúcia Elande
942 _2AGRIS
_n0
_cANA
999 _c164743
_d164743